Historia de la Guerra del Pacífico entre Perú, Chile y Bolivia
Guardado en:
| Autor principal: | |
|---|---|
| Formato: | Libro |
| Lenguaje: | español |
| Publicado: |
Lima, Perú
Corporación Editora Chirre
2004
|
| Materias: | |
| Etiquetas: |
Agregar Etiqueta
Sin Etiquetas, Sea el primero en etiquetar este registro!
|
MARC
| LEADER | 00000cam a2200000 a 4500 | ||
|---|---|---|---|
| 001 | UCG7736 | ||
| 003 | CL-VaPUC | ||
| 005 | 20210728001750.0 | ||
| 008 | 110905e20040000PE |||||||||||||||||spa|d | ||
| 999 | |c 345506 |d 345504 | ||
| 020 | |a 9789972085246 | ||
| 040 | |c Pontificia Universidad Católica de Valparaíso | ||
| 082 | 0 | 4 | |a 985.061 CAI 2004 |2 21 |
| 100 | 0 | |a Caivano, Tomás |e author |9 558254 | |
| 245 | 1 | 0 | |a Historia de la Guerra del Pacífico entre Perú, Chile y Bolivia |
| 260 | |a Lima, Perú |b Corporación Editora Chirre |c 2004 | ||
| 300 | |a 209 páginas | ||
| 583 | |a last modification |c 20150331 10:20:14 |k Rodrigo Vera | ||
| 650 | 0 | |a Guerra del Pacífico |z CHILE |z PERU |z BOLIVIA |9 314886 | |
| 650 | 0 | |a Conflicto internacional |z PERU |z CHILE |z BOLIVIA |9 341259 | |
| 852 | |a BIBCUR | ||
| 942 | |c BK |2 ddc | ||
| 945 | |d 20110905 00:00:00 |a dcastane | ||
| 952 | |0 0 |1 0 |2 ddc |4 0 |6 985_061000000000000_CAI_2004 |7 0 |8 A |9 444291 |a BIBHIS |b BIBHIS |d 2019-11-22 |i 4790685 |o 985.061 CAI 2004 |p 4790685 |r 2025-01-20 |t 1 |w 2019-11-22 |y BK |k HIS | ||
| 952 | |0 0 |1 0 |2 ddc |3 erb |4 0 |6 985_061000000000000_CAI_2004 |7 0 |8 A |9 444292 |a BIBHIS |b BIBHIS |i 5144302 |o 985.061 CAI 2004 |p 5144302 |r 2025-01-20 |t 2 |w 2019-11-22 |y BK |z Catalogado en:20150402 |k HIS | ||